000 00681nab a2200157 4500
003 ES-SlBCS
005 20210327231242.0
008 160907s2015 bl ||||| |||| 00| 0 por d
040 _aES-SlBCS
_bspa
100 1 _aNascimento, Ruben de Oliveira
_9411206
245 1 0 _aMeios visuais e desenvolvimento do pensamento no processo de ensino
_b: contribuiçoes da teoria de Vigotski
_cRuben de Oliveira Nascimento
246 1 1 _aVisual media and development of thought in the teaching process
_b: contributions of Vygotsky's theory
650 0 0 _aComunicación Verbal
_9151204
773 0 _gVol. 29, Nº 57, 2015, págs. 95-123
_tEducaçao e Filosofia
_wRev1534
_x0102-6801
942 _2lcc
_cAR
999 _c858469
_d858469